Populous Countries With no McDonalds Quiz Stats

 Plays Quiz not verified by Sporcle

Score 0/10 Timer 04:00
0 Plays Today
Population Country % Correct
154,000,000Nigeria
76%
71,000,000Iran
73.2%
162,000,000Bangladesh
64.7%
85,000,000Ethiopia
60.5%
59,000,000Democratic Republic of the Congo
60.5%
41,000,000Sudan
60.2%
85,000,000Vietnam
48.8%
50,000,000Myanmar
46.8%
32,000,000Algeria
44.7%
43,000,000Tanzania
40.3%

You're not logged in!

Compare scores with friends on all Sporcle quizzes.
OR
Log In

Show Comments

Extras

Top Quizzes Today


Score Distribution

Your Account Isn't Verified!

In order to create a playlist on Sporcle, you need to verify the email address you used during registration. Go to your Sporcle Settings to finish the process.

Report this User

Report this user for behavior that violates our Community Guidelines.

Details: